| 000 | 03076nam0a2200493 i 4500 | ||
|---|---|---|---|
| 001 | RU\NLR\BIBL_A\010978838 | ||
| 005 | 20260409071853.0 | ||
| 010 |
_a9785814920553 _9300 |
||
| 021 |
_aRU _b2016-988 _961 |
||
| 035 | _a(NILC)LIBNET\0000575469 | ||
| 035 | _a(NLR Aleph) 010978838 | ||
| 090 |
_a10860213 _c10860213 |
||
| 100 | _a20160210d2015 km y0rusy50 ca | ||
| 101 | 0 |
_arus _deng |
|
| 102 | _aRU | ||
| 105 | _aa|||z|||100yy | ||
| 200 | 1 |
_aАвтоматизация, мехатроника, информационные технологии _dAutomation, mechatronics, information technologies _eматериалы V Международной научно-технической интернет-конференции молодых ученых (Россия, Омск, 19 мая 2015 г.) _f[редкол.: В. Г. Хомченко (гл. ред.) и др.] _zeng |
|
| 210 |
_aОмск _cИздательство ОмГТУ _d2015 |
||
| 215 |
_a181 с. _cил. _d21 |
||
| 300 | _aВ надзаг.: Ом. гос. техн. ун-т, Междунар. концерн FESTO, Междунар. инновац.-образоват. проект "СИНЕРГИЯ", Нац. исслед. ун-т "МЭИ", Балт. гос. техн. ун-т "Военмех" им. Д. Ф. Устинова, Севастоп. нац. техн. ун-т, Караганд. гос. техн. ун-т | ||
| 300 | _aРез. ст. на англ. яз | ||
| 320 | _aБиблиогр. в конце ст. | ||
| 510 | 1 |
_aAutomation, mechatronics, information technologies _zeng |
|
| 606 | 1 |
_aАвтоматизация производства _jСъезды, совещания и т.п _91046100 _3RU\NLR\AUTH\6685569 |
|
| 606 |
_aМехатроника _jСъезды, совещания и т.п _92170603 _3RU\NLR\AUTH\661305733 |
||
| 606 |
_aИнформационные технологии _jСъезды, совещания и т.п _3RU\NLR\AUTH\66778624 _91740175 |
||
| 610 | 1 | _aАвтоматизация производства | |
| 610 | 1 | _aАвтоматизация производственных процессов | |
| 610 | 1 | _aМехатроника | |
| 610 | 1 | _aРобототехника | |
| 610 | 1 | _aИнформационные технологии | |
| 686 |
_a32.965я431 _vLBC/M _2rubbk |
||
| 686 |
_a32.81я431 _vLBC/M _2rubbk |
||
| 686 | 1 | _aЗ965,5я431(0) | |
| 686 | 1 | _aЗ973.233я431(0) | |
| 686 | 1 | _aЗ26я431(0) | |
| 702 | 1 |
_4340 _8rus _7ca _aХомченко _bВ. Г. _gВасилий Герасимович _3RU\NLR\AUTH\7741992 _924940 |
|
| 711 | 1 | 2 |
_a"Автоматизация, мехатроника, информационные технологии", международная научно-техническая интернет-конференция молодых ученых _d5 _eОмск _f2015 _9505929 _3RU\NLR\AUTH\880420476 |
| 801 | 0 |
_aRU _bОмская ГОНБ _c20150811 _grcr |
|
| 801 | 1 |
_aRU _bОмская ГОНБ _c20150811 _grcr _2rusmarc |
|
| 942 | _cBOOK | ||
| 980 | _aNBR | ||